Λεξιλογικά της νέας ελληνικής
Αποθηκεύτηκε σε:
| Κύριος συγγραφέας: | |
|---|---|
| Μορφή: | Βιβλίο |
| Γλώσσα: | Greek |
| Δημοσίευση: |
Αθήνα :
Επικαιρότητα,
1998
|
| Θέματα: | |
| Ετικέτες: |
Προσθήκη ετικέτας
Δεν υπάρχουν, Καταχωρήστε ετικέτα πρώτοι!
|
MARC
| LEADER | 00000nam a2200000 i 4500 | ||
|---|---|---|---|
| 001 | 1/38907 | ||
| 008 | 030728s1998 gre d | ||
| 020 | |a 960-205-409-3 | ||
| 035 | |l 10070528 | ||
| 040 | |a GR-MY-UA |b gre |e aacr | ||
| 041 | 0 | |a gre | |
| 082 | 0 | |a 489.3 | |
| 100 | 1 | |a Τομπαϊδης, Δημήτριος Ε. | |
| 245 | 1 | 0 | |a Λεξιλογικά της νέας ελληνικής / |c Δημήτρης Ε. Τομπαϊδης |
| 260 | |a Αθήνα : |b Επικαιρότητα, |c 1998 | ||
| 300 | |a 241 σ. | ||
| 650 | 0 | 0 | |a Greek language, Modern. |
| 650 | 0 | 0 | |a Greek language, Modern |x Study and teaching. |
| 852 | |a INST |b RHODES |e 20030728 |h 489.3 ΤΟΜ |p 005400020178 |q 005400020178 |t BK |y 0 | ||
| 901 | |a BIBL4-2003-2 | ||
| 909 | |a Ρ |b 105471 | ||
| 922 | |a 4ΕΛΗ |b 200306 |c ΕΠΕΑΕΚ2/ΤΜΣ |d ΠΑΠΑΣΩΤΗΡΙΟΥ | ||
| 950 | |a 124-2002-03-13 | ||
| 970 | |a ΚΟΥΛΑΚΙΟΤΗ |b ΛΙΤΣΑ |z 2003/07/29 | ||